000 01293cam a2200229 4500
001 ABS64997
008 020206n2002 000 0 eng u
035 _a(Sirsi) u116618
100 _aHamson, L
245 _aFundamental problems
260 _c2002
490 _aProperty Week
_v67(1) 11 January 2002, 36-39(4)
520 _aExamines the problems funds are facing in the light of the recession and terrorist attacks in New York: companies are also looking to clear property assets from their balance sheets through outsourcing while public property companies are looking to go private. Funds are finding it increasingly difficult to meet the asking prices for big investment deals.The problem is in the low rates of rental growth, causing investment companies to miss their target returns; a price correction or a fall in interest rates is required to widen the available opportunities. Investment companies are faced with the choice of either returning investors' money or extending the investment period.
590 _aABS
650 _aRENTAL GROWTH
650 _aINVESTMENT FUNDS
650 _aECONOMIC ISSUES
650 _aINVESTMENT MARKET
650 _aPROPERTY ASSETS
690 _aPROPERTY-COMMERCIAL PROPERTY-COMMERCIAL PROPERTY FINANCE AND INVESTMENT
942 _n0
999 _c69440
_d69440